Indian financial system / (Record no. 99391)

MARC details
000 -LEADER
fixed length control field 01134nam a22002777a 4500
005 - DATE AND TIME OF LATEST TRANSACTION
control field 20230911123222.0
010 ## - LCCN (DPL NO)
LC control number 1617EN ENG-115048 ENG-137800
020 ## - INTERNATIONAL STANDARD BOOK NUMBER
International Standard Book Number 9789339221874
Terms of availability 650.00
020 ## - INTERNATIONAL STANDARD BOOK NUMBER
International Standard Book Number 9339221877
Terms of availability 650.00
035 ## - SYSTEM CONTROL NUMBER
System control number B-653927-938
035 ## - SYSTEM CONTROL NUMBER
System control number EN-98580 EN-121332
035 ## - SYSTEM CONTROL NUMBER
System control number B-665149
037 ## - SOURCE OF ACQUISITION
Source of stock number/acquisition ABC
037 ## - SOURCE OF ACQUISITION
Source of stock number/acquisition DBAD/PUB
082 ## - DEWEY DECIMAL CLASSIFICATION NUMBER
Classification number 336.54
100 ## - MAIN ENTRY--PERSONAL NAME
Personal name Khan, M.Y.
245 ## - TITLE STATEMENT
Title Indian financial system /
Statement of responsibility, etc by M.Y. Khan
250 ## - EDITION STATEMENT
Edition statement 9th ed
260 ## - PUBLICATION, DISTRIBUTION, ETC. (IMPRINT)
Place of publication, distribution, etc New Delhi
Name of publisher, distributor, etc McGraw Hill Education
Date of publication, distribution, etc 2016
270 ## - ADDRESS
Address P-24, Green Park Extension
City New Delhi
Postal code 110016
300 ## - PHYSICAL DESCRIPTION
Extent various pagings
Dimensions 24cm(pbk)
500 ## - GENERAL NOTE
General note Includes index
942 ## - ADDED ENTRY ELEMENTS (KOHA)
Source of classification or shelving scheme Dewey Decimal Classification
Item type English Books
Call number suffix KHA
Classification part 336.54
Holdings
Withdrawn status Lost status Not for loan Collection code Home library Current library Date acquired Source of acquisition Cost, normal purchase price Full call number Barcode Copy number Cost, replacement price Koha item type
      Non-fiction Ashok Vihar Ashok Vihar 09/05/2017 BPPD/EN/2016-17/AV/16-17/452/15.2.2017/5058/28.2.2017/ 7.3.2017 650.00 336.54 KHA B-665149 1 650.00 English Books
      Non-fiction Bawana Bawana 08/02/2017 BPPD/EN/2016-17/286/24.11.2016/4995/03.12.16/04.01.2017 650.00 336.54 KHA B-653935 1 650.00 English Books
      Non-fiction Bawana Bawana 08/02/2017 BPPD/EN/2016-17/286/24.11.2016/4995/03.12.16/04.01.2017 650.00 336.54 KHA B-653937 1 650.00 English Books
      Non-fiction Central Jail Tihar Central Jail Tihar 08/02/2017 BPPD/EN/2016-17/286/24.11.2016/4995/03.12.16/04.01.2017 650.00 336.54 KHA B-653932 1 650.00 English Books
      Non-fiction Central Library Central Library 08/02/2017 BPPD/EN/2016-17/286/24.11.2016/4995/03.12.16/04.01.2017 650.00 336.54 KHA B-653927 1 650.00 English Books
    Not For Loan Non-fiction D.B.Act.Division D.B.Act.Division 26/02/2016 DBAD/PUB 650.00 336.54 KHA EN-98580 1 650.00 English Books
      Non-fiction Janak Puri Janak Puri 08/02/2017 BPPD/EN/2016-17/286/24.11.2016/4995/03.12.16/04.01.2017 650.00 336.54 KHA B-653933 1 650.00 English Books
      Non-fiction Kadipur Kadipur 16/08/2023 DBAD/PUB 650.00 336.54 KHA EN-121332 1 650.00 English Books
      Non-fiction Kasturba Gandhi Marg Kasturba Gandhi Marg 08/02/2017 BPPD/EN/2016-17/286/24.11.2016/4995/03.12.16/04.01.2017 650.00 336.54 KHA B-653930 1 650.00 English Books
      Non-fiction Narela Narela 08/02/2017 BPPD/EN/2016-17/286/24.11.2016/4995/03.12.16/04.01.2017 650.00 336.54 KHA B-653936 1 650.00 English Books
      Non-fiction New Police Line New Police Line 08/02/2017 BPPD/EN/2016-17/286/24.11.2016/4995/03.12.16/04.01.2017 650.00 336.54 KHA B-653928 1 650.00 English Books
      Non-fiction Patel Nagar Patel Nagar 08/02/2017 BPPD/EN/2016-17/286/24.11.2016/4995/03.12.16/04.01.2017 650.00 336.54 KHA B-653929 1 650.00 English Books
      Non-fiction Sarojini Nagar Sarojini Nagar 08/02/2017 BPPD/EN/2016-17/286/24.11.2016/4995/03.12.16/04.01.2017 650.00 336.54 KHA B-653934 1 650.00 English Books
      Non-fiction Shahdara Branch Shahdara Branch 08/02/2017 BPPD/EN/2016-17/286/24.11.2016/4995/03.12.16/04.01.2017 650.00 336.54 KHA B-653938 1 650.00 English Books
      Non-fiction Tri Nagar Tri Nagar 08/02/2017 BPPD/EN/2016-17/286/24.11.2016/4995/03.12.16/04.01.2017 650.00 336.54 KHA B-653931 1 650.00 English Books

© Delhi Public Library
Hit Counter
free hit counter